000 00339 a2200133 4500
000 nam a22 7a 4500
100 _aPandey, Akhilesh
110 _aPandey, Akhilesh
245 _aText Book of Biostatistics
250 _alatest edition
260 _bAbhishek Book Agency
_c2026
264 _bAbhishek Book Agency
_c2026
942 _cBK
999 _c394322
_d394322